Logo biblioteca
Santa Fe 2917, Rosario, Santa Fe
Lu-Vi 8 a 19.45
+54-341-4232362
bibliotecaeudoro@gmail.com
Facebook Biblioteca Pedagógica
Sitio web

Psicología infantil y educación sexual / (Registro nro. 32440)

Detalles MARC
000 -CABECERA
campo fijo de control de longitud 00944nam a2200301 4500
001 - NÚMERO DE CONTROL
campo de control 32440
003 - IDENTIFICADOR DEL NÚMERO DE CONTROL
campo de control AR-RoBPED
005 - FECHA Y HORADE LA ULTIMA TRANSACCION
campo de control 20260318091855.0
008 - ELEMENTOS DE LONGITUD FIJA--INFORMACION GENERAL
campo fijo de control de longitud 260317s1989 ag a|||ar|||| 001 0 spa d
020 ## - ISBN
ISBN 9509896144
040 ## - FUENTE CATALOGADORA
Centro catalogador/agencia de origen AR-RoBPED
041 ## - IDIOMA
Código de idioma para texto/pista de sonido o título independiente spa
100 ## - ENCABEZAMIENTO PRINCIPAL--AUTOR PERSONAL
Nombre de persona Schiuto, Adriana
9 (RLIN) 30607
245 1# - TITULO
Título Psicología infantil y educación sexual /
Mención de responsabilidad Adriana Schiuto.
260 ## - PUBLICACION
Lugar Buenos Aires :
Editor EDA,
Fecha [1989.]
300 ## - DESCRIPCION FISICA
Extensión 166 p.
Otros detalles físicos il.
490 0# - SERIE
Mención de serie (Colección Cofrecito)
505 ## - NOTA DE CONTENIDO
Contenido Niños de 3 a 8 años. Contiene teoría psicogenética.
650 #4 - TERMINO DE MATERIA--CONTROLADO
Término controlado NIVEL INICIAL
9 (RLIN) 1213
Término controlado PSICOLOGIA DEL NIÑO
9 (RLIN) 1135
Término controlado PSICOLOGIA GENETICA
9 (RLIN) 5092
Término controlado EDUCACION SEXUAL
9 (RLIN) 883
Término controlado MOTRICIDAD
9 (RLIN) 11832
Término controlado APRENDIZAJE DE LA LECTOESCRITURA
9 (RLIN) 5086
Término controlado JUEGO
9 (RLIN) 374
942 ## - ELEMENTOS KOHA
Fuente de clasificación Universal Decimal Classification
Koha tipo de ítem Libro
Clasificación 373.24
Signatura librística S 27
Inventario inv. 42300
Número Koha k. 32440
945 ## - PROCESAMIENTO DE LA INFORMACIÓN LOCAL
Catalogador y fecha mm 17/06/2026 - cd 18/03/2026
Existencias
Estado retirado Estado perdido Fuente de clasificación Estado dañado No se presta Biblioteca propietaria Biblioteca de reserva Fecha de adquisición Procedencia Total de préstamos Signatura topográfica completa Código de barras (nº de inventario) Fecha visto por última vez Catalogador y fecha Tipo de ítem Koha Nota pública
    Universal Decimal Classification     Biblioteca Pedagógica Eudoro Díaz Biblioteca Pedagógica Eudoro Díaz 13/03/2026 Donacion   343.24 S 27 42300 17/03/2026 mm 17/06/2026 Libro Se presta 15 dias.